000 00364nam a22001457a 4500
020 _a 8170861608
041 _aeng
082 _a227.1 PAT
100 _aPatmury, Gloria
245 _aThe Disappointments of St. Paul in His Missionary Endeavour
260 _aBangalore
_bAsian trading Corporation
_c1992
300 _a100
650 _aBible-Romans
942 _cBK
999 _c23257
_d23257